00731nam a22002057a 450000500170000001000150001702000260003203500140005803700090007208200100008110000230009124500790011425000060019326000370019927000710023630000190030794200240032699900190035095201560036920260417154014.0 aENG-148254 a9789385509711c399.00 aEN-131786 bDBAD a158.1 aKalra, Ajay988970 a Principles to Radically transform and Renew Your Life Thrive/cAjay Kalra a1 aMumbaibIndus Source Booksc2023 aPO Box 6194, Malabar Hill PObMumbaie400006minfo@indussource.com a220pc22cm(pb) 2ddccENh158.1mKAL c215955d215955 001040708NFICaZLSbZLSd2026-04-17eDelivery of Books Act Divisiong399.00l0o158.1 KALpEN-131786r2026-04-17 15:40:40t1v399.00w2026-04-17yEN